000 00984cam a22002054a 4500
005 20250605164022.0
008 250528s ||||||||||||||||||||||||d
035 _a16380
020 _a60130326
040 _aGR-AtMCL
_bgre
_dGR-AtMCL
_eAACR2
245 1 _aFacing Reality / From World Federalism to the CΙΑ
250 _a1st
260 _bHarper & Row Publishers,
_c1980
300 _a436
520 _aAcknowledgements, Preface, War, Waves of Darkness, Peacemaking, Secret Trial, Cold War, The Radios, Private Sorrow, The Agency Under Fire, London Assignment: Coping with Watergate and Chile, The Family Jewels, The Soviet Challenge, The New Geopolitical Offensive, The Soviet Apparat: Government, The Soviet Apparat: KGB, American Foreign Policy - The Need for a New Consensus, The Role of ''Finished'' Intelligence, The Collectors, A Hope for the Future, Appendix, Notes, Index.
700 1 _aMeyer Cord
_92476
942 _cBK
999 _c1888
_d1888